000 00684ncm a22002295a 4500
001 C00011468c
005 20241029143126.0
008 950810c1939 dk sub n 1 ger d
080 _a785.1.083.1
100 1 _aRiisager, Knudage (
_d1897-1974)
_98331
245 1 0 _aSlaraffenland
_b: suite for Orkester /
_cKnudage Riisager.
254 _aLomme Partitur].
260 _a[Copenhagen] :
_bWilhelm Hansen,
_ccop. 1939.
300 _aPartitura (76 p.) ;
_c19 cm.
490 0 _aWilhelm Hansen Edition ;
_v3369 b
500 _aN. pl. : 24837.
500 _aLegado Pérez Casas.
650 1 4 _aSuites (Orquesta)
_911831
852 4 _jM-2381
999 _c11260
_d11260